Statistiques concernant Etats et territoires non reconnus

Cliquez ici pour prendre le quiz!

Statistiques générales

  • Ce quiz a été pris 99 fois
  • Le résultat moyen est 4 sur 10

Statistiques - réponses

Réponse% Correct
Palestine
85%
Somaliland
50%
Ossétie du sud
48%
Abkhazie
45%
République Arabe Sahraouie Démocratique
41%
Haut-Karabagh
37%
Transnistrie
37%
République turque de Chypre du Nord
34%
Kurdistan
22%
Tibet
16%

Distribution des résultats

Percentile par nombre de réponses

% des personnes avec chaque résultat

Votre développement - résultats

Vous n’avez pas pris ce quiz